000 00508cam a2200193 4500
008 090401t1991 xxu||||| |||| 00| 0 eng d
020 _a0412410702
035 _a(Sirsi) u69152
041 _aeng
050 _a658.151
100 _aLumby, Stephen
245 _aInvestment appraisal and financing decisions: a first course in financial management.
250 _a4th ed.
260 _aLondon
_bChapman & Hall
_c1991
300 _axiii, 518p; 24cm
350 _a0
942 _n0
948 _c04/03/1997
999 _c95162
_d95162